00767nam a22002177a 4500003000500000005001700005008004100022010001000063011001000073035001000083040000900093100003000102245016500132260004100297300001000338502009300348650002500441650002600466650003200492650002500524CHAP20220329140518.0971013s1982 r 00010 d a53118 a54090 a58240 cCHAP00aSegovia Padilla, Jesús. aSelección masal moderna en girasol (Helianthus annuus L.) Tecmon-Z (P-81) y ensayo de rendimiento con variedades e híbridos comerciales (V-81) Apodaca, N.L. a(Monterrey, N.L.) :bEl autor,c1982 a65 h. aTesis (Ing. Agr. en Producción) -- ITESM. Div. de Ciencias Agropecuarias y Marítimas14aGirasolxHíbridos.14aGirasolxRendimiento.14aGirasolxSelección masal.14aGirasolxVariedades.